00315nam a22001337a 4500003000400000005001700004008004100021040002200062082001500084100002700099245001600126260002100142300001800163OSt20220909220435.0220909b |||||||| |||| 00| 0 eng d cBiblioteca Lado V a250bV335w aVasquez la Roche, Luis aWe are lit/ bBeta-Localc2016 a20p.c13x21cm